Lucy Dacus - I Don't Wanna Be Funny Anymore (lyrics) - Statistics

General Stats
  • This quiz has been taken 22 times
  • The average score is 122 of 162
Answer Stats
Answer % Correct
be
100%
don't
100%
I
100%
wanna
100%
a
93%
anymore
93%
funny
93%
can
87%
the
87%
I'll
80%
Is
80%
it
80%
man
80%
me
80%
on
80%
one
80%
then
80%
band
73%
been
73%
cute
73%
front
73%
guitar
73%
If
73%
I've
73%
like
73%
need
73%
not
73%
play
73%
there
73%
to
73%
want
73%
best
67%
biggest
67%
fan
67%
feeling
67%
girl
67%
in
67%
joke
67%
Lately
67%
my
67%
odd
67%
out
67%
room
67%
That
67%
too
67%
doesn't
60%
dressed
60%
for
60%
friends
60%
hard
60%
know
60%
laugh
60%
maybe
60%
short
60%
skirt
60%
and
53%
artist
53%
got
53%
hear
53%
I'm
53%
it'll
53%
It's
53%
read
53%
saying
53%
smile
53%
things
53%
times
53%
while
53%
books
47%
done
47%
first
47%
loud
47%
mean
47%
Try
47%
with
47%
but
40%
buy
40%
clothes
40%
grapevine
40%
old
40%
serious
40%
she's
40%
smartest
40%
through
40%
Yeah
40%
gossip
33%
hurt
33%
Pass
33%
No matching quizzes found
Score Distribution
Percent of People with Each Score
Percentile by Number Answered
Your Score History
You have not taken this quiz